| 000 | 00584nam a2200193 a 4500 | ||
|---|---|---|---|
| 003 | BD-DhJNU | ||
| 005 | 20250114083554.0 | ||
| 008 | 250114s2008 bg a rb f100 0 eng | ||
| 020 | _a9788183421324 | ||
| 040 |
_aBD-DhJNU _bENG _cBD-DhJNU _dBD-DhJNU |
||
| 082 | 0 | 0 |
_a371.1 JOE _223 |
| 100 | 1 | _aJogi, Premchand | |
| 245 | 1 | 0 |
_aEncyclopaedia of educational philosophy, Vol. : 1-5 / _cPremchand Jogi |
| 260 |
_aNew Delhi : _bCrescent Publishing Corporation, _c2008. |
||
| 300 |
_av, 256 p. ; _c22 cm. |
||
| 490 | _v Vol. : 1-5 | ||
| 650 | 0 | _aEducation Philosophy | |
| 650 | 0 | _aEncyclopedias | |
| 999 |
_c1089 _d1089 |
||